000 01052nam a22002897a 4500
001 BR9102463
003 BR-BrBNA
005 20230928093613.0
007 ta
008 230509b bl.||||| |||| 00| 0 por d
040 _aBR-BrBNA
_bpor
_cBiblioteca Nacional de Agricultura
041 _a(Por)
072 _aF50
_b3140
090 _ 3140 BR9102463
100 1 _aAlmeida, C.V. de
110 1 _aEscola Superior de Agricultura Luiz de Queiroz, Piracicaba, SP (Brasil)
_0Tese (Mestre em Agronomia)
245 1 _aAvaliacao do comportamento morfogenetico de Pinus caribaea Morelet var. hondurensis Barr. Golf. in vitro
246 1 _aEvaluation of the morphogenetic behavior of Pinus caribaea Morelet var. hondurensis Barr. Golf. in vitro
260 3 _aPiracicaba, SP (Brasil):
_c1991.
300 _a83 p.
500 _a12 illus.; 6 tables; Bibliography p. 65-74 (74 ref.); Summaries (Eng, Por)
650 _aPINHEIRO
650 _aHISTOLOGIA VEGETAL
650 _aCULTURA DE TECIDO
909 _a202309
_bLucia
_c55
_dLucia Elande
942 _cBK
999 _c45961
_d45961